02003cam a2200229 i 4500020001800000020001500018041000900033082001700042100003000059245008800089260004700177300005000224504005100274520121700325546001301542650001601555650002301571650002301594650003001617650004201647710008401689 a9789389137477 a9389137470 aeng-04a005.8bCHH-N1 aChhibbar, Ashisheauthor.10aNavigating the Indian cyberspace maze :bguide for policymakers /cAshish Chhibbar. aNew Delhi :bKW Publishers Pvt Ltd,c2020. axvi, 266p.billustrations (black and white) ; aIncludes bibliographical references and index. aCyberspace has turned out to be one of the greatest discoveries of mankind. Today, we have more than four-and-a-half billion people connected to the internet and this number is all set to increase dramatically as the next generational Internet of Things (IoT) devices and 5G technology gets fully operational. India has been at the forefront of this amazing digital revolution and is a major stakeholder in the global cyberspace ecosystem. As the world embarks on embracing internet 2.0 characterised by 5G high-speed wireless interconnect, generation of vast quantities of data and domination of transformational technologies of Artificial Intelligence (AI), block chain and big data, India has been presented with a unique opportunity to leapfrog from a developing country to a developed knowledge-based nation in a matter of years and not decades. This book presents an exciting and fascinating journey into the world of cyberspace with focus on the impactful technologies of AI, block chain and Big Data analysis, coupled with an appraisal of the Indian cyberspace ecosystem. It has been written especially for a policymaker in order to provide a lucid overview of the cyberspace domain in adequate detail. aEnglish. 0aCyberspace. 0aCyberspacezIndia. 0aComputer security. 0aComputer securityzIndia. 0aCyberspacexGovernment policyzIndia.2 aManohar Parrikar Institute for Defence Studies and Analyses (New Delhi, India),